Mistrz Holandii w piłce nożnej - Statystyki

Ogólne statystyki
  • Ten quiz został rozwiązany 19 razy
  • Średni wynik to 6 z 29
Statystyki odpowiedzi
Ilość Klub % Poprawnych
36 Ajax
100%
16 Feyenoord
95%
26 PSV
95%
2 AZ
63%
6 Sparta
63%
1 NAC Breda
37%
2 ADO Den Haag
32%
3 Willem II
32%
2 Heracles
26%
4 Go Ahead Eagles
16%
1 FC Den Bosch
5%
1 FC Eindhoven
5%
1 FC Twente
5%
1 Roda JC
5%
1 Be Quick
0%
1 De Volewijckers
0%
1 DOS
0%
1 DWS
0%
1 Enschede
0%
3 HBS
0%
1 HFC Haarlem
0%
10 HVV
0%
3 Koninklijke
0%
1 Limburgia
0%
1 Quick Den Haag
0%
5 RAP
0%
2 RCH
0%
1 SVV
0%
1 VV Concordia
0%
Nie znaleziono quizów pasujących do podanych kryteriów
Rozkład punktacji
Procent ludzi z każdym wynikiem
Percentyl według liczby udzielonych odpowiedzi
Twoja historia wyników
Nie rozwiązałeś tego quizu